Histoire de notre temps. Politiques nationales et conflits internationaux 1945 - 1962
Guardat en:
| Autor principal: | |
|---|---|
| Format: | Llibre |
| Idioma: | francès |
| Publicat: |
París
Sirey
1964
|
| Matèries: | |
| Etiquetes: |
Afegir etiqueta
Sense etiquetes, Sigues el primer a etiquetar aquest registre!
|
MARC
| LEADER | 00000nam a2200000 a 4500 | ||
|---|---|---|---|
| 001 | UCT7861 | ||
| 003 | CL-VaPUC | ||
| 008 | 970317e19640000FR |||||||||||||||||fre|d | ||
| 082 | 0 | 4 | |a 327.16 |b HUI |2 21 |
| 100 | 0 | |a Huillier, F. L |e author |9 379101 | |
| 245 | 1 | 0 | |a Histoire de notre temps. Politiques nationales et conflits internationaux 1945 - 1962 |
| 300 | |a 409 p | ||
| 942 | |c BK | ||
| 945 | |d 19970317 00:00:00 |a paguirre | ||
| 260 | |a París |b Sirey |c 1964 | ||
| 650 | 0 | |a Política internacional |9 255813 | |
| 650 | 0 | |a Relaciones Internacionales |9 255740 | |
| 650 | 0 | |a Conflicto internacional |9 341259 | |
| 650 | 0 | |a Guerra |9 255876 | |
| 650 | 7 | |a REVOLUCIONES POLITICAS |2 CL-VaPUC |9 379102 | |
| 651 | 0 | |a Francia |9 255157 | |
| 651 | 0 | |a Alemania |9 255688 | |
| 651 | 0 | |a Yugoslavia |9 313912 | |
| 651 | 0 | |a Unión Soviética |9 256769 | |
| 651 | 0 | |a China |9 257545 | |
| 651 | 0 | |a Estados Unidos |9 255178 | |
| 651 | 0 | |a África |9 256790 | |
| 583 | |a last modification |c 19970317 00:00:00 |k Rodrigo Vera | ||
| 999 | |c 256408 |d 256406 | ||
| 952 | |0 0 |1 0 |4 0 |6 327_160000000000000_HUI_1964 |7 0 |8 A |9 279130 |a BIBDER |b BIBDER |d 2019-11-19 |i 1808621 |o 327.16 HUI 1964 |p 1808621 |r 2023-01-25 |w 2019-11-19 |y BK |k DER | ||